000 00638nam a2200193Ia 4500
005 20250508161823.0
008 008 250505s9999 xx 000 0 eng d
037 _aTextual
040 _aFEDL
_beng
_cFEDL
041 _aeng
_2eng
084 _a371.4, HUN
_qFEDL
100 _aHunter John M
245 0 _aProgram of studies in non-formal education team reports economics and non formal education
260 _aMichigan
_bInstitute for International Studies in Education
_c1974
300 _a193p.
650 _aEducational - Guidance and Counseling
_9756302
942 _cTEXL
_h371.4, HUN
999 _c1372452
_d1372452